Elecciones en Honduras: nueva competencia entre dos viejos contendientes
Salvato in:
| Natura: | Libro |
|---|---|
| Lingua: | Spanish |
| Tags: |
Aggiungi Tag
Nessun Tag, puoi essere il primo ad aggiungerne!!
|
MARC
| LEADER | 00000nam a22000007a 4500 | ||
|---|---|---|---|
| 003 | cru CIDCACS/IIS | ||
| 005 | 20190124144603.0 | ||
| 007 | ta | ||
| 008 | 190124s1997 es |||||r||||||0| ||spa d | ||
| 999 | |c 42117 |d 42117 | ||
| 040 | |c cru CIDCACS/IIS | ||
| 245 | 1 | |a Elecciones en Honduras: |b nueva competencia entre dos viejos contendientes | |
| 300 | |a páginas 8-9 | ||
| 942 | |2 ddc |c PP | ||
| 773 | 0 | |0 42115 |9 2621 |a Universidad Centroamericana José Simeón Cañas (UCA) |d San Salvador, El Salvador: Universidad Centroamericana José Simeón Cañas. Centro Universitario de Documentación e Información |o 18291 |t El Salvador Proceso: |x 02599864 | |
